[Event "XXIX Olimpiadi"]
[Site "Novi Sad YUG"]
[Date "1990.11.17"]
[Round "1.2"]
[White "Dive, Russell John"]
[Black "Godena, Michele"]
[Result "1-0"]
[WhiteElo "2290"]
[BlackElo "2405"]
[Annotator "ITA-NZL"]
[PlyCount "57"]
[EventDate "1990.11.17"]

1. d4 d6 2. c4 e5 3. d5 f5 4. Nc3 Nf6 5. e4 Na6 6. exf5 Bxf5 7. Nge2 c6 8. Ng3
Bg6 9. Be3 Be7 10. Be2 Nb4 11. Rc1 Qa5 12. Bd2 Qc7 13. a3 Nd3+ 14. Bxd3 Bxd3
15. Bh6 Bg6 16. Bxg7 Rg8 17. Bxf6 Bxf6 18. Nge4 Be7 19. b4 Qd7 20. O-O Rc8 21.
Re1 Bf7 22. Qf3 Qg4 23. Qxg4 Rxg4 24. f3 Rg6 25. Rcd1 b5 26. c5 cxd5 27. cxd6
Bxd6 28. Nxd6+ Rxd6 29. Nxb5 1-0

[Event "XXIX Olimpiadi"]
[Site "Novi Sad YUG"]
[Date "1990.11.18"]
[Round "2.1"]
[White "Le Blancq, Simon"]
[Black "Godena, Michele"]
[Result "1/2-1/2"]
[WhiteElo "2270"]
[BlackElo "2405"]
[Annotator "ITA-GBG"]
[PlyCount "84"]
[EventDate "1990.11.17"]

1. e4 e5 2. Bc4 Nf6 3. d3 Nc6 4. Nf3 h6 5. c3 g6 6. O-O Bg7 7. Re1 O-O 8. Nbd2
a6 9. Bb3 d5 10. Nf1 Be6 11. Ng3 Kh7 12. h3 Re8 13. Be3 Qd7 14. Qe2 Rad8 15.
Rad1 Qe7 16. Bc1 Na5 17. c4 Nxb3 18. axb3 dxe4 19. dxe4 Nd7 20. Bd2 f6 21. Bc3
h5 22. Rd3 Bh6 23. Red1 Nc5 24. Bb4 Rxd3 25. Rxd3 Bf8 26. Qe3 b6 27. Bxc5 Qxc5
28. Qxc5 Bxc5 29. Ne2 Kg7 30. Nc3 Kf7 31. Nd5 Rd8 32. Nf4 Rxd3 33. Nxd3 Bf8 34.
Kf1 Bh6 35. Ke2 Ke7 36. Kd1 Kd6 37. Nh4 Bf7 38. Kc2 Bg5 39. Nf3 Bh6 40. Nh4 a5
41. Kc3 Be8 42. b4 axb4+ 1/2-1/2

[Event "XXIX Olimpiadi"]
[Site "Novi Sad YUG"]
[Date "1990.11.18"]
[Round "2.2"]
[White "Sanna, Gianlazzaro"]
[Black "Hawes, Jonathan Richard"]
[Result "1-0"]
[WhiteElo "2395"]
[BlackElo "2205"]
[Annotator "ITA-GBG"]
[PlyCount "67"]
[EventDate "1990.11.17"]

1. d4 d5 2. c4 e6 3. Nc3 Be7 4. Nf3 Nf6 5. Bf4 O-O 6. e3 c5 7. dxc5 Bxc5 8. Qc2
Qa5 9. Nd2 Bb4 10. Bd3 Nc6 11. O-O Bxc3 12. bxc3 e5 13. Bg3 Be6 14. Rab1 Qc7
15. cxd5 Nxd5 16. Bxh7+ Kh8 17. Bd3 Rad8 18. Nf3 f6 19. Rfc1 Nde7 20. Rd1 Qc8
21. h3 g5 22. Qe2 Kg7 23. e4 Na5 24. Nxg5 fxg5 25. Bxe5+ Kg6 26. f4 gxf4 27.
Rb5 Rxd3 28. Rxd3 Nc4 29. Bxf4 Rxf4 30. Qh5+ Kg7 31. Rg3+ Kf8 32. Qh6+ Ke8 33.
Qxf4 a6 34. Rh5 1-0

[Event "XXIX Olimpiadi"]
[Site "Novi Sad YUG"]
[Date "1990.11.20"]
[Round "4.3"]
[White "Ye, Rongguang"]
[Black "Arlandi, Ennio"]
[Result "1-0"]
[WhiteElo "2525"]
[BlackElo "2400"]
[Annotator "ITA-CHN"]
[PlyCount "89"]
[EventDate "1990.11.17"]

1. d4 d5 2. Nf3 e6 3. Bg5 Be7 4. Bxe7 Qxe7 5. c4 Qb4+ 6. Qd2 Qxd2+ 7. Nbxd2 Nf6
8. Rc1 c6 9. e3 Ke7 10. Bd3 Nfd7 11. e4 dxc4 12. Nxc4 b6 13. e5 Ba6 14. Ke2 f5
15. exf6+ gxf6 16. Rhe1 Bxc4 17. Bxc4 Kd6 18. Kd3 Nf8 19. Re2 b5 20. Bb3 Na6
21. Nd2 f5 22. Nf3 Rg8 23. g3 Rg7 24. Kc2 Rc8 25. Kb1 h6 26. d5 exd5 27. Nd4
Rf7 28. Nxb5+ Kd7 29. Nxa7 Rc7 30. Nxc6 Rxc6 31. Ba4 Nb8 32. Rec2 Rff6 33. b4
Kc7 34. Bxc6 Rxc6 35. b5 Rxc2 36. Rxc2+ Kb6 37. a4 Nfd7 38. Rc8 Ka5 39. Rh8
Kxa4 40. b6 Kb5 41. b7 Kc6 42. Rxh6+ Kxb7 43. h4 Kc7 44. h5 Kd8 45. Re6 1-0

[Event "XXIX Olimpiadi"]
[Site "Novi Sad YUG"]
[Date "1990.11.20"]
[Round "4.4"]
[White "Sarno, Spartaco"]
[Black "Lin, Ta"]
[Result "0-1"]
[WhiteElo "2385"]
[BlackElo "2435"]
[Annotator "ITA-CHN"]
[PlyCount "94"]
[EventDate "1990.11.17"]

1. d4 d5 2. c4 dxc4 3. Nf3 a6 4. e3 e6 5. Bxc4 Nf6 6. O-O c5 7. a4 Nc6 8. Qe2
Qc7 9. Nc3 Be7 10. dxc5 Bxc5 11. e4 Ng4 12. g3 O-O 13. Bf4 e5 14. Bg5 h6 15.
Nd5 Qd6 16. Bd2 Nf6 17. b4 Bd4 18. Rab1 Bg4 19. Qd3 Rfd8 20. b5 axb5 21. axb5
Ne7 22. Bb4 Bc5 23. Bxc5 Qxc5 24. Nxe5 Nfxd5 25. exd5 Be6 26. b6 Nxd5 27. Qf3
Ra3 28. Qd1 Qe7 29. Qc2 Rc8 30. Qb2 Rc3 31. Rfc1 Rxc1+ 32. Rxc1 Qc5 33. Rb1 f6
34. Bxd5 Bxd5 35. Nd3 Qc4 36. Ne1 Re8 37. Rc1 Qe4 38. f3 Qe3+ 39. Kg2 Ra8 40.
Qc3 Ra2+ 41. Kh3 Be6+ 42. g4 Bxg4+ 43. Kxg4 Qg5+ 44. Kh3 Qh5+ 45. Kg3 Qxh2+ 46.
Kg4 Ra4+ 47. Kf5 Qh3+ 0-1

[Event "XXIX Olimpiadi"]
[Site "Novi Sad YUG"]
[Date "1990.11.21"]
[Round "5.1"]
[White "Petursson, Margeir"]
[Black "Belotti, Bruno"]
[Result "1-0"]
[WhiteElo "2550"]
[BlackElo "2435"]
[Annotator "ITA-ISL"]
[PlyCount "85"]
[EventDate "1990.11.17"]

1. c4 g6 2. d4 Nf6 3. Nc3 Bg7 4. e4 d6 5. Be2 O-O 6. Bg5 Nbd7 7. Qd2 e5 8. d5
Nc5 9. f3 a5 10. g4 c6 11. h4 cxd5 12. cxd5 Bd7 13. Nh3 a4 14. Nf2 Qa5 15. h5
b5 16. Kf1 Ra7 17. Kg2 Rc8 18. Rac1 Rac7 19. h6 Bh8 20. Nxb5 Qxd2 21. Bxd2 Bxb5
22. Bxb5 Rb8 23. Bxa4 Rxb2 24. Rc2 Rcb7 25. Rhc1 Kf8 26. Bc6 Rb8 27. a4 Rxc2
28. Rxc2 Nfd7 29. Bxd7 Nxd7 30. Nd3 Bf6 31. Rc7 Ke8 32. Bb4 Be7 33. a5 Ra8 34.
Rc6 Kd8 35. a6 Nb8 36. Ba5+ Kd7 37. Rc7+ Ke8 38. Rc8+ Kd7 39. Rc7+ Ke8 40. a7
Nd7 41. Rb7 Bd8 42. Bb4 Be7 43. Nb2 1-0

[Event "XXIX Olimpiadi"]
[Site "Novi Sad YUG"]
[Date "1990.11.21"]
[Round "5.2"]
[White "Godena, Michele"]
[Black "Arnason, Jon L."]
[Result "1/2-1/2"]
[WhiteElo "2405"]
[BlackElo "2540"]
[Annotator "ITA-ISL"]
[PlyCount "80"]
[EventDate "1990.11.17"]

1. e4 c5 2. c3 d6 3. d4 Nf6 4. Bd3 Nc6 5. Nf3 g6 6. h3 Nd7 7. Bc2 Bg7 8. d5 Na5
9. O-O b5 10. a3 O-O 11. Re1 Qc7 12. Bg5 Re8 13. Nbd2 Rb8 14. Rc1 Nc4 15. Nxc4
bxc4 16. Rb1 e6 17. Qd2 Rb6 18. Ba4 Bb7 19. Rbd1 Ba8 20. dxe6 Rxe6 21. Bf4 Ne5
22. Nxe5 Bxe5 23. Bxe5 Rxe5 24. f3 Qe7 25. Kf1 Kg7 26. Re2 Qb7 27. Qf4 Re6 28.
Rdd2 Qe7 29. h4 Re5 30. Kf2 Rh5 31. g3 Re5 32. Bd1 h6 33. Qg4 Rb8 34. Ba4 Re6
35. h5 g5 36. Qf5 Rb6 37. Qg4 Bb7 38. Qf5 Ba8 39. Qg4 Bb7 40. Qf5 Ba8 1/2-1/2

[Event "XXIX Olimpiadi"]
[Site "Novi Sad YUG"]
[Date "1990.11.21"]
[Round "5.3"]
[White "Hjartarson, Johann"]
[Black "Arlandi, Ennio"]
[Result "1-0"]
[WhiteElo "2520"]
[BlackElo "2400"]
[Annotator "ITA-ISL"]
[PlyCount "77"]
[EventDate "1990.11.17"]

1. c4 e6 2. Nc3 d5 3. d4 Be7 4. cxd5 exd5 5. Bf4 Nf6 6. e3 O-O 7. Bd3 c5 8. Nf3
Nc6 9. O-O Bg4 10. dxc5 Bxc5 11. h3 Bxf3 12. Qxf3 d4 13. Ne4 Nxe4 14. Bxe4 dxe3
15. fxe3 Qb6 16. Kh1 Rae8 17. Rac1 f5 18. Bd5+ Kh8 19. Rc3 Ne5 20. Qg3 Ng6 21.
Bc7 Qb5 22. Rd1 b6 23. b4 Qxb4 24. Rc4 Qa3 25. Qxg6 f4 26. Rxf4 Qxe3 27. Rh4
Qe1+ 28. Rxe1 Rxe1+ 29. Kh2 Bg1+ 30. Kg3 Bf2+ 31. Kg4 Bxh4 32. Qd6 Be7 33. Qd7
g6 34. Kg3 h5 35. Bf3 Bc5 36. Qd2 Re3 37. Bf4 h4+ 38. Kg4 Re7 39. Bd6 1-0

[Event "XXIX Olimpiadi"]
[Site "Novi Sad YUG"]
[Date "1990.11.21"]
[Round "5.4"]
[White "Sanna, Gianlazzaro"]
[Black "Jonsson, Bjorgvin"]
[Result "1-0"]
[WhiteElo "2395"]
[BlackElo "2400"]
[Annotator "ITA-ISL"]
[PlyCount "51"]
[EventDate "1990.11.17"]

1. d4 Nf6 2. c4 g6 3. Nc3 Bg7 4. Nf3 O-O 5. Bg5 d6 6. e3 h6 7. Bh4 g5 8. Bg3
Nh5 9. Bd3 e6 10. Nd2 Nxg3 11. hxg3 f5 12. g4 c5 13. d5 fxg4 14. Qxg4 exd5 15.
Qh5 Qf6 16. O-O Be6 17. cxd5 Bf5 18. Bxf5 Qxf5 19. Nc4 Qd7 20. Ne4 Na6 21.
Ncxd6 Bxb2 22. Rab1 Qg7 23. Ng3 Kh7 24. Ngf5 Qf6 25. Rxb2 Qxb2 26. Qxh6+ 1-0

[Event "XXIX Olimpiadi"]
[Site "Novi Sad YUG"]
[Date "1990.11.23"]
[Round "6.2"]
[White "Magem Badals, Jordi"]
[Black "Godena, Michele"]
[Result "1-0"]
[WhiteElo "2470"]
[BlackElo "2405"]
[Annotator "ITA-ESP"]
[PlyCount "81"]
[EventDate "1990.11.17"]

1. e4 e5 2. Nf3 Nc6 3. Bc4 Nf6 4. d4 exd4 5. e5 Ne4 6. O-O Be7 7. Re1 d5 8.
exd6 Nxd6 9. Bd5 Nb4 10. Bb3 c5 11. c3 Nc6 12. cxd4 c4 13. Bc2 Bg4 14. Nc3 Bxf3
15. Qxf3 O-O 16. Be3 Bg5 17. Rad1 Re8 18. Ne4 Bxe3 19. Rxe3 Rc8 20. g3 h6 21.
a3 Nb5 22. Qf5 Nbxd4 23. Nf6+ Kf8 24. Nh7+ Kg8 25. Nf6+ Kf8 26. Nd7+ Qxd7 27.
Qxd7 Nxc2 28. Rxe8+ Rxe8 29. Qxb7 N2d4 30. Kg2 Re2 31. Qc8+ Ke7 32. Qc7+ Ke6
33. Qf4 Kd5 34. Qf3+ Kc5 35. Qxf7 Rxb2 36. Qxg7 c3 37. Rc1 c2 38. Qxh6 Kc4 39.
Qd2 Kb3 40. Qd3+ Ka2 41. h4 1-0

[Event "XXIX Olimpiadi"]
[Site "Novi Sad YUG"]
[Date "1990.11.23"]
[Round "6.3"]
[White "Sarno, Spartaco"]
[Black "Sion Castro, Marcelino"]
[Result "1-0"]
[WhiteElo "2385"]
[BlackElo "2350"]
[Annotator "ITA-ESP"]
[PlyCount "69"]
[EventDate "1990.11.17"]

1. d4 Nf6 2. c4 g6 3. Nc3 d5 4. Nf3 Bg7 5. Qb3 dxc4 6. Qxc4 O-O 7. e4 a6 8. e5
b5 9. Qb3 Nfd7 10. Be3 Nb6 11. h4 Nc6 12. h5 Be6 13. Qd1 b4 14. Ne4 Nc4 15.
hxg6 hxg6 16. Bxc4 Bxc4 17. Qc1 Qd5 18. Rh4 f6 19. Bh6 g5 20. Nexg5 fxg5 21.
Qxg5 Rf7 22. Rg4 Nd8 23. b3 Ne6 24. bxc4 Qxc4 25. Qc1 Qd5 26. Be3 Rf5 27. Rh4
Rc8 28. Qc2 Rcf8 29. Qb3 Qxb3 30. axb3 c5 31. dxc5 Bxe5 32. Rxa6 Bc3+ 33. Ke2
Nxc5 34. Rg4+ Kh7 35. Rh6# 1-0

[Event "XXIX Olimpiadi"]
[Site "Novi Sad YUG"]
[Date "1990.11.23"]
[Round "6.4"]
[White "Comas Fabrego, Lluis"]
[Black "Manca, Federico"]
[Result "0-1"]
[WhiteElo "2365"]
[BlackElo "2360"]
[Annotator "ITA-ESP"]
[PlyCount "73"]
[EventDate "1990.11.17"]

1. d4 Nf6 2. c4 c5 3. d5 b5 4. g3 g6 5. Bg2 d6 6. e4 Nbd7 7. f4 Bg7 8. Qe2 O-O
9. Nf3 Nb6 10. a4 bxa4 11. e5 Ne8 12. Na3 Nc7 13. O-O e6 14. dxe6 Bxe6 15. Rd1
d5 16. Ng5 Qe7 17. Nxe6 Qxe6 18. cxd5 Ncxd5 19. Nb5 Rad8 20. Ra3 Nb4 21. Rc3 a6
22. Nd6 N6d5 23. Bxd5 Nxd5 24. Rxc5 Rxd6 25. Qf3 Rfd8 26. exd6 Nb6 27. Rc6 Nd7
28. Rc2 Re8 29. Kf2 Qf5 30. Re2 Rc8 31. Kg2 h5 32. Be3 Qb5 33. Bd4 Bxd4 34.
Rxd4 Rc1 35. f5 Qc5 36. Qe3 Nf6 37. fxg6 0-1

[Event "XXIX Olimpiadi"]
[Site "Novi Sad YUG"]
[Date "1990.11.24"]
[Round "7.1"]
[White "Belotti, Bruno"]
[Black "Gheorghiu, Florin"]
[Result "1/2-1/2"]
[WhiteElo "2435"]
[BlackElo "2500"]
[Annotator "ITA-ROU"]
[PlyCount "30"]
[EventDate "1990.11.17"]

1. e4 c5 2. Nf3 e6 3. d4 cxd4 4. Nxd4 a6 5. Bd3 Nf6 6. O-O d6 7. c4 Be7 8. b3
O-O 9. Bb2 Nbd7 10. Nc3 g6 11. Kh1 Re8 12. Qe2 Bf8 13. Rad1 b6 14. Bb1 Bb7 15.
f4 e5 1/2-1/2

[Event "XXIX Olimpiadi"]
[Site "Novi Sad YUG"]
[Date "1990.11.24"]
[Round "7.4"]
[White "Badea, Bela"]
[Black "Sarno, Spartaco"]
[Result "1-0"]
[WhiteElo "2480"]
[BlackElo "2385"]
[Annotator "ITA-ROU"]
[PlyCount "163"]
[EventDate "1990.11.17"]

1. c4 Nf6 2. Nc3 d5 3. cxd5 Nxd5 4. g3 c5 5. Bg2 Nc7 6. Qb3 Nd7 7. Nf3 g6 8. h4
Bg7 9. h5 e5 10. Ne4 Qe7 11. d3 Ne6 12. hxg6 hxg6 13. Rxh8+ Bxh8 14. Qd5 Nb6
15. Nd6+ Kd7 16. Nxc8+ Nxd5 17. Nxe7 Nxe7 18. Bd2 Nc6 19. Bc3 Bg7 20. e3 Re8
21. O-O-O Rh8 22. a3 Kc7 23. Kc2 b5 24. Rh1 Rxh1 25. Bxh1 Kd6 26. Nd2 f5 27.
Nf3 Bf6 28. Nh2 Bg7 29. Bg2 Ne7 30. Bd2 Nc6 31. Be1 Bf6 32. Nf3 Bd8 33. Bc3 Bf6
34. Nd2 Bg7 35. Nb3 Nc7 36. Na5 Nxa5 37. Bxa5 Nd5 38. Bd2 Nf6 39. Bb7 Kc7 40.
Ba8 Ng4 41. Be1 Nf6 42. b3 Kb6 43. Kd1 a5 44. a4 b4 45. Ke2 Kc7 46. Bd2 Kd6 47.
e4 Ne8 48. Bd5 Nc7 49. Bc4 Ne6 50. Be3 Nd4+ 51. Kf1 Ke7 52. Kg2 Bf6 53. f4 Bg7
54. fxe5 Bxe5 55. Bg8 Kd7 56. Bf7 Ne2 57. Kf2 Nd4 58. Bc4 Bc7 59. Bh6 Bd8 60.
Bg7 Bg5 61. Be5 Be7 62. Bf7 g5 63. exf5 Nxf5 64. g4 Bd6 65. Bf6 Be7 66. Bb2 Nh6
67. Bh5 Ke6 68. Kf3 Bf6 69. Bc1 Ng8 70. Be8 Ne7 71. Be3 Kd6 72. Ke4 Nd5 73. Bf2
Nf4 74. Bf7 Bc3 75. Bc4 Bd2 76. d4 cxd4 77. Bxd4 Ng6 78. Be2 Nf4 79. Bc4 Ng6
80. Bb6 Ne5 81. Be2 Nc6 82. Bb5 1-0

[Event "XXIX Olimpiadi"]
[Site "Novi Sad YUG"]
[Date "1990.11.25"]
[Round "8.2"]
[White "Godena, Michele"]
[Black "Westerinen, Heikki M.J."]
[Result "1-0"]
[WhiteElo "2405"]
[BlackElo "2450"]
[Annotator "ITA-FIN"]
[PlyCount "83"]
[EventDate "1990.11.17"]

1. e4 e5 2. Nf3 Nc6 3. Bb5 a6 4. Ba4 Nf6 5. O-O Be7 6. Bxc6 dxc6 7. d3 Nd7 8.
b3 c5 9. Bb2 Bd6 10. Nbd2 O-O 11. Nc4 Re8 12. a4 f6 13. Nh4 Nf8 14. Nf5 g6 15.
Nfxd6 cxd6 16. a5 Ne6 17. Nb6 Rb8 18. Nd5 Nc7 19. Nxc7 Qxc7 20. f4 Be6 21. Qd2
Qg7 22. Rf2 g5 23. fxe5 fxe5 24. Raf1 Rf8 25. b4 Rxf2 26. Rxf2 b6 27. Bc1 cxb4
28. Qxb4 Qc7 29. Qd2 bxa5 30. Qxg5+ Qg7 31. Rf6 Rb1 32. Qxg7+ Kxg7 33. Rf1 Rb6
34. Ba3 d5 35. exd5 Bxd5 36. Rf5 Rb1+ 37. Kf2 Ra1 38. Rxe5 Bxg2 39. Rxa5 Rd1
40. Kxg2 Rd2+ 41. Kg3 Rxc2 42. Rxa6 1-0

[Event "XXIX Olimpiadi"]
[Site "Novi Sad YUG"]
[Date "1990.11.25"]
[Round "8.3"]
[White "Maki, Veijo"]
[Black "Arlandi, Ennio"]
[Result "1-0"]
[WhiteElo "2415"]
[BlackElo "2400"]
[Annotator "ITA-FIN"]
[PlyCount "69"]
[EventDate "1990.11.17"]

1. e4 e5 2. Nf3 Nf6 3. Nxe5 d6 4. Nc4 Nxe4 5. d4 d5 6. Ne3 c6 7. Nd2 Bd6 8.
Nxe4 dxe4 9. Bc4 O-O 10. c3 Kh8 11. g3 Nd7 12. f4 exf3 13. Qxf3 c5 14. O-O cxd4
15. cxd4 f5 16. Ng2 Nb6 17. Bb3 a5 18. a3 a4 19. Ba2 Ra5 20. Bd2 Rb5 21. Bc3
Bd7 22. d5 Qg5 23. Kh1 Re8 24. Rae1 Rxe1 25. Rxe1 h6 26. Nf4 Kh7 27. h3 Bxf4
28. gxf4 Qh4 29. Kh2 Rxb2+ 30. Bxb2 Qxe1 31. Qg2 g6 32. d6 Bc6 33. Bg8+ Kxg8
34. Qxg6+ Kf8 35. Bg7+ 1-0

[Event "XXIX Olimpiadi"]
[Site "Novi Sad YUG"]
[Date "1990.11.26"]
[Round "9.2"]
[White "Godena, Michele"]
[Black "Brunner, Lucas"]
[Result "1/2-1/2"]
[WhiteElo "2405"]
[BlackElo "2475"]
[Annotator "ITA-SUI"]
[PlyCount "57"]
[EventDate "1990.11.17"]

1. e4 e5 2. Nf3 Nc6 3. Bb5 a6 4. Ba4 Nf6 5. O-O Nxe4 6. d4 b5 7. Bb3 d5 8. dxe5
Be6 9. Nbd2 Be7 10. c3 O-O 11. Bc2 f5 12. exf6 Nxf6 13. Re1 Bg4 14. Nf1 Qd7 15.
Ne3 Bc5 16. Nxg4 Nxg4 17. Be3 Bxe3 18. fxe3 Rad8 19. e4 d4 20. cxd4 Nxd4 21.
Qxd4 Qxd4+ 22. Nxd4 Rxd4 23. Bb3+ Kh8 24. Rf1 Rfd8 25. Rac1 Rxe4 26. Rxc7 h5
27. h3 Nf6 28. Rfc1 Red4 29. Rc8 1/2-1/2

[Event "XXIX Olimpiadi"]
[Site "Novi Sad YUG"]
[Date "1990.11.26"]
[Round "9.3"]
[White "Franzoni, Giancarlo"]
[Black "Sarno, Spartaco"]
[Result "1/2-1/2"]
[WhiteElo "2455"]
[BlackElo "2385"]
[Annotator "ITA-SUI"]
[PlyCount "117"]
[EventDate "1990.11.17"]

1. e4 c6 2. d4 d5 3. Nd2 dxe4 4. Nxe4 Nd7 5. Nf3 Ngf6 6. Nxf6+ Nxf6 7. Ne5 Be6
8. Be2 g6 9. O-O Bg7 10. c3 O-O 11. Nd3 Bf5 12. Bf4 Qb6 13. Qb3 Rfe8 14. Rfe1
Be6 15. Qc2 Bf5 16. Bf1 Nd7 17. Qb3 Be6 18. Qa3 Bf8 19. Qa4 Bf5 20. Qb3 Be6 21.
Qd1 Rad8 22. Qf3 Nf6 23. Rxe6 fxe6 24. Qe2 Rd6 25. Re1 Qa5 26. Bxd6 exd6 27. a3
Bg7 28. Qc2 Qc7 29. Nf4 Qc8 30. Bc4 d5 31. Bf1 Bh6 32. Nd3 Bg7 33. g3 Ne4 34.
Bg2 Nd6 35. Bh3 Nf5 36. Qe2 Kf8 37. Bg4 Bf6 38. Qf3 Re7 39. Qf4 Kg7 40. Ne5 b6
41. Nd3 Nh6 42. Bh3 Nf7 43. Qe3 Qe8 44. f4 Kh8 45. Rf1 Bg7 46. Ne5 Nxe5 47.
fxe5 Rf7 48. Rxf7 Qxf7 49. Kg2 Kg8 50. Qg5 Qd7 51. Bg4 Kf7 52. h4 Qe7 53. Qf4+
Ke8 54. h5 gxh5 55. Bxh5+ Kd7 56. Qg4 Bf8 57. Qf4 Bg7 58. Qg4 Bf8 59. Qf4
1/2-1/2

[Event "XXIX Olimpiadi"]
[Site "Novi Sad YUG"]
[Date "1990.11.26"]
[Round "9.4"]
[White "Manca, Federico"]
[Black "Hug, Werner"]
[Result "1/2-1/2"]
[WhiteElo "2360"]
[BlackElo "2445"]
[Annotator "ITA-SUI"]
[PlyCount "137"]
[EventDate "1990.11.17"]

1. e4 e6 2. d4 d5 3. Nc3 Bb4 4. e5 c5 5. a3 Ba5 6. b4 cxd4 7. Nb5 Bc7 8. Nf3
Nc6 9. Bf4 a6 10. Nxc7+ Qxc7 11. Bd3 Nge7 12. O-O Bd7 13. Re1 h6 14. Qd2 Qb6
15. Rab1 Ng6 16. Bg3 Nce7 17. h4 Bb5 18. h5 Bxd3 19. Qxd3 Nf8 20. Nxd4 Nd7 21.
Bf4 Rc8 22. Rb3 Rc4 23. Rd1 O-O 24. Qd2 Rfc8 25. Rd3 Kh7 26. Rf3 Rxd4 27. Qxd4
Qxd4 28. Rxd4 Rxc2 29. b5 axb5 30. Rb4 Nc6 31. Rxb5 Nd4 32. Rxb7 Nxf3+ 33. gxf3
Rc4 34. Rxd7 Rxf4 35. a4 Rxf3 36. a5 Ra3 37. Rxf7 Rxa5 38. Re7 d4 39. Rxe6 d3
40. Rd6 Rxe5 41. Rxd3 Rxh5 42. Rd6 Rg5+ 43. Kf1 Rg6 44. Rd5 Rf6 45. Kg2 Kg6 46.
Kg3 Rf5 47. Rd7 Rg5+ 48. Kf4 Rg2 49. Kf3 Rg1 50. Rd5 h5 51. Ra5 h4 52. Ra8 Kh5
53. Rh8+ Kg5 54. Rh7 g6 55. Ra7 Kh6 56. Ra4 Kh5 57. Ra8 Rb1 58. Ra3 Rb4 59. Kg2
Kg4 60. Ra6 g5 61. Rf6 h3+ 62. Kg1 Kh5 63. Rf8 g4 64. Kh2 Rb3 65. f3 Rb2+ 66.
Kg3 Rg2+ 67. Kf4 gxf3 68. Rh8+ Kg6 69. Kxf3 1/2-1/2

[Event "XXIX Olimpiadi"]
[Site "Novi Sad YUG"]
[Date "1990.11.27"]
[Round "10.1"]
[White "Belotti, Bruno"]
[Black "Mahmood Ahmad, Lodhi"]
[Result "1-0"]
[WhiteElo "2435"]
[BlackElo "2405"]
[Annotator "ITA-PAK"]
[PlyCount "99"]
[EventDate "1990.11.17"]

1. e4 e5 2. Nf3 Nc6 3. Bb5 a6 4. Ba4 Nf6 5. O-O Be7 6. Re1 b5 7. Bb3 d6 8. c3
O-O 9. d4 exd4 10. cxd4 Bg4 11. d5 Ne5 12. Nbd2 Nfd7 13. h3 Nxf3+ 14. Nxf3 Bxf3
15. Qxf3 Bf6 16. Re2 Bd4 17. Qg3 Qf6 18. Bg5 Qg6 19. Rd1 Bb6 20. Qh4 Ne5 21.
Kh2 Rfe8 22. Bc2 f6 23. Bc1 Qf7 24. f4 Ng6 25. Qg4 Re7 26. h4 Rae8 27. h5 Nf8
28. Qh3 Nd7 29. b4 Kh8 30. Bb2 h6 31. Qf5 Nf8 32. Rd3 Ra8 33. Rg3 a5 34. a3
axb4 35. axb4 Ra2 36. Bb3 Ra8 37. Bc2 Ra2 38. Bb3 Ra8 39. Rg4 Qe8 40. Bc2 Rf7
41. Rg3 Ra2 42. Bb3 Ra8 43. Qg4 Qd7 44. e5 fxe5 45. fxe5 Qxg4 46. Rxg4 dxe5 47.
d6 Rd7 48. Rxe5 cxd6 49. Rxb5 Ba7 50. Rxg7 1-0

[Event "XXIX Olimpiadi"]
[Site "Novi Sad YUG"]
[Date "1990.11.27"]
[Round "10.2"]
[White "Mirza, Shahzad"]
[Black "Godena, Michele"]
[Result "1-0"]
[WhiteElo "2275"]
[BlackElo "2405"]
[Annotator "ITA-PAK"]
[PlyCount "123"]
[EventDate "1990.11.17"]

1. d4 d5 2. Nf3 Nc6 3. Bf4 Bg4 4. e3 e6 5. Nbd2 Bd6 6. Bb5 Bxf4 7. exf4 Qd6 8.
g3 Qb4 9. Bxc6+ bxc6 10. Qc1 Bxf3 11. c3 Qb5 12. Nxf3 Rb8 13. Rb1 Nf6 14. Qc2
Ne4 15. Nd2 Nxd2 16. Qxd2 O-O 17. Qe2 c5 18. Qxb5 Rxb5 19. dxc5 Rfb8 20. b4
Rxc5 21. Kd2 Rc6 22. a3 Kf8 23. Rhe1 g6 24. Rbd1 Ra6 25. Ra1 c5 26. Reb1 c4 27.
a4 Ke7 28. Ke3 Kd6 29. Rd1 Rc6 30. Rd4 Rc7 31. Rad1 f6 32. g4 a5 33. b5 Rc5 34.
h4 e5 35. R4d2 Re8 36. Kf3 Rd8 37. g5 fxg5 38. fxe5+ Kxe5 39. hxg5 Rc7 40. Kg4
Rf7 41. Re1+ Kd6 42. f4 Rdf8 43. Rd4 Rf5 44. Kg3 Kd7 45. Red1 Ke6 46. Rh1 R8f7
47. Re1+ Kd7 48. Red1 Ke6 49. Rb1 Kd6 50. Rbd1 Ke6 51. R1d2 Rf8 52. Re2+ Kd6
53. Ree4 Kd7 54. Rd2 Rc8 55. Re3 Rcf8 56. Re4 Rc8 57. Kf3 Kd6 58. Ke3 Rc7 59.
Re8 Kc5 60. Re6 Rff7 61. Kf3 Rf5 62. Rb2 1-0

[Event "XXIX Olimpiadi"]
[Site "Novi Sad YUG"]
[Date "1990.11.27"]
[Round "10.3"]
[White "Sarno, Spartaco"]
[Black "Khan, Mohd. Omer"]
[Result "0-1"]
[WhiteElo "2385"]
[BlackElo "2300"]
[Annotator "ITA-PAK"]
[PlyCount "106"]
[EventDate "1990.11.17"]

1. d4 Nf6 2. c4 c5 3. d5 e6 4. Nc3 exd5 5. cxd5 g6 6. e4 d6 7. Nf3 Bg7 8. h3
O-O 9. Bd3 a6 10. a4 Nbd7 11. O-O Re8 12. Bf4 Qe7 13. Re1 Nh5 14. Bh2 Ne5 15.
Be2 Nxf3+ 16. Bxf3 Be5 17. Bxh5 Bxh2+ 18. Kxh2 Qe5+ 19. g3 Qxh5 20. Qxh5 gxh5
21. f4 f6 22. e5 fxe5 23. Ne4 Rf8 24. fxe5 dxe5 25. a5 b6 26. axb6 Rb8 27. Re2
Rxb6 28. Nxc5 Rb5 29. Rc1 Rb4 30. Rcc2 Bf5 31. Rcd2 Rc4 32. Nxa6 Be4 33. b3 Rf1
34. Rxe4 Rxe4 35. d6 Rfe1 36. Nc5 R4e2+ 37. Rxe2 Rxe2+ 38. Kg1 Rd2 39. Nd7 Rxd6
40. Nxe5 Rb6 41. Nd7 Rb5 42. Nf6+ Kf7 43. Ne4 Rxb3 44. Kg2 Kg6 45. h4 Kf5 46.
Nf2 Ke5 47. Nh3 h6 48. Nf4 Ke4 49. Nxh5 Rb2+ 50. Kh3 Kf3 51. Nf4 Rb1 52. Kh2
Rd1 53. Ng6 Re1 0-1

[Event "XXIX Olimpiadi"]
[Site "Novi Sad YUG"]
[Date "1990.11.29"]
[Round "11.1"]
[White "Murshed, Niaz"]
[Black "Belotti, Bruno"]
[Result "1/2-1/2"]
[WhiteElo "2465"]
[BlackElo "2435"]
[Annotator "ITA-BAN"]
[PlyCount "94"]
[EventDate "1990.11.17"]

1. d4 Nf6 2. Nf3 g6 3. Nc3 d5 4. Bf4 Bg7 5. e3 O-O 6. Be2 c5 7. dxc5 Qa5 8. Nd2
Qxc5 9. Nb3 Qb6 10. a4 Nc6 11. a5 Qd8 12. O-O h6 13. Kh1 e5 14. Bg3 Bf5 15. a6
bxa6 16. Bxa6 Qb6 17. Bb5 Ne4 18. Nxe4 Bxe4 19. Qe2 Rfb8 20. Bxc6 Qxc6 21. Rfc1
Qb5 22. Qxb5 Rxb5 23. Ra5 Rab8 24. Rxb5 Rxb5 25. h4 Bf5 26. Kh2 d4 27. f3 dxe3
28. Re1 Bxc2 29. Na1 Bf5 30. Rxe3 Rxb2 31. Bxe5 Rb5 32. Bxg7 Kxg7 33. Nb3 Rd5
34. Re7 Rd7 35. Re5 Bc2 36. Na5 Rc7 37. Kg3 a6 38. Rd5 Ba4 39. Rd6 Bb5 40. Nb3
Rc6 41. Rd8 Rb6 42. Nd4 Bf1 43. Kf2 Bc4 44. g4 a5 45. Rc8 Ba6 46. Rc5 Rb2+ 47.
Kg3 Rb4 1/2-1/2

[Event "XXIX Olimpiadi"]
[Site "Novi Sad YUG"]
[Date "1990.11.29"]
[Round "11.2"]
[White "Arlandi, Ennio"]
[Black "Rahman, Zillur"]
[Result "1/2-1/2"]
[WhiteElo "2400"]
[BlackElo "2415"]
[Annotator "ITA-BAN"]
[PlyCount "110"]
[EventDate "1990.11.17"]

1. d4 d5 2. c4 e6 3. Nc3 Nf6 4. cxd5 exd5 5. Bg5 Be7 6. e3 c6 7. Bd3 Nbd7 8.
Nge2 O-O 9. Qc2 Re8 10. f3 Nf8 11. Bh4 g6 12. O-O Ne6 13. Rad1 Bd7 14. Kh1 Kg7
15. a3 a5 16. Bf2 Bd6 17. e4 dxe4 18. fxe4 Ng4 19. e5 Bf8 20. Ne4 Ng5 21. Nc5
Bxc5 22. Qxc5 Be6 23. Nf4 Bd5 24. Nxd5 cxd5 25. Bg1 Rc8 26. Qb5 Re6 27. Rc1
Rec6 28. Rxc6 bxc6 29. Qa6 Ne6 30. h3 Nh6 31. Be3 Ng8 32. Be2 Ne7 33. Bg4 Qc7
34. Bd2 h5 35. Bxe6 fxe6 36. Bxa5 Qb8 37. Bb4 Nf5 38. Qd3 Qb5 39. Rd1 h4 40.
Kg1 Rh8 41. Qxb5 cxb5 42. Rd3 Rc8 43. Bc5 Ng3 44. Kf2 Rc7 45. b4 Rf7+ 46. Rf3
Ne4+ 47. Ke3 Rxf3+ 48. gxf3 Nc3 49. Kd3 Na4 50. Be7 Kh6 51. Bxh4 g5 52. Be1 Kh5
53. Kc2 Nb6 54. Kb3 Na4 55. Bg3 Nb6 1/2-1/2

[Event "XXIX Olimpiadi"]
[Site "Novi Sad YUG"]
[Date "1990.11.29"]
[Round "11.4"]
[White "Manca, Federico"]
[Black "Hasan, Younus"]
[Result "1/2-1/2"]
[WhiteElo "2360"]
[BlackElo "2260"]
[Annotator "ITA-BAN"]
[PlyCount "110"]
[EventDate "1990.11.17"]

1. e4 c5 2. c3 d5 3. exd5 Qxd5 4. d4 e6 5. Nf3 Nf6 6. Be3 cxd4 7. cxd4 Nc6 8.
Nc3 Qd8 9. a3 Be7 10. Bd3 O-O 11. O-O b6 12. Qe2 Bb7 13. Rad1 a6 14. Rfe1 b5
15. Bg5 b4 16. d5 exd5 17. Nxd5 Nxd5 18. Bc4 Bxg5 19. Rxd5 Nd4 20. Rxd4 Bxf3
21. Bxf7+ Kh8 22. Rxd8 Bxe2 23. Rxa8 Rxa8 24. Rxe2 bxa3 25. bxa3 g6 26. g3 Kg7
27. Bc4 a5 28. a4 Bf6 29. Bb5 Rc8 30. Rd2 Rc7 31. Rd6 Be5 32. Rd5 Bc3 33. Kg2
Bb4 34. h4 Rb7 35. Rd8 Rc7 36. Kh3 Rf7 37. f4 Rf8 38. Rd5 Rf5 39. Rd3 Rf7 40.
Bc4 Rc7 41. Bb3 Be1 42. Re3 Bf2 43. Rd3 Be1 44. Re3 Bf2 45. Rf3 Be1 46. Rf1 Bd2
47. Bd5 Rc5 48. Bf3 Rc3 49. Kg4 Ra3 50. h5 Rxa4 51. Rh1 Rd4 52. h6+ Kf6 53. Rb1
Rb4 54. Rd1 Rd4 55. Rb1 Rb4 1/2-1/2